Собачье сердце: повести, пьеса

التفاصيل البيبلوغرافية
المؤلف الرئيسي: Булгаков М. А. Михаил Афанасьевич
الملخص:Три повести, написанные М. Булгаковым в 20-е годы — "Дьяволиада" (1923), "Роковые яйца" (1924) и "Собачье сердце" (1925), — это фантастические истории, предвестники романа "Мастер и Маргарита", в которых гений писателя, его незаурядная фантазия и блестящий стиль проявляются во всей своей силе и полноте. В книгу также вошла феерическая, остроумная и глумливая пьеса "Иван Васильевич", которая легла в основу сценария Леонида Гайдая к знаменитому фильму "Иван Васильевич меняет профессию".
اللغة:الروسية
منشور في: Санкт-Петербург, Азбука, 2017
سلاسل:Мировая классика
الموضوعات:
التنسيق: MixedMaterials كتاب
KOHA link:https://koha.lib.tpu.ru/cgi-bin/koha/opac-detail.pl?biblionumber=379239

MARC

LEADER 00000nam0a2200000 4500
001 379239
005 20241112063153.0
010 |a 978-5-389-06294-8 
035 |a (RuTPU)RU\TPU\retro\36702 
090 |a 379239 
100 |a 20230810d2017 m||y0rusy50 ca 
101 0 |a rus 
102 |a RU 
105 |a y z 000ay 
181 0 |a i   |b  e  
182 0 |a n 
183 0 |a nc  |2 RDAcarrier 
200 1 |a Собачье сердце  |e повести, пьеса  |f Михаил Булгаков 
203 |a Текст  |b визуальный  |c непосредственный 
210 |a Санкт-Петербург  |c Азбука  |c Азбука-Аттикус  |d 2017 
215 |a 380 с. 
225 1 |a Мировая классика 
283 |a volume  |2 RDAcarrier 
330 |a Три повести, написанные М. Булгаковым в 20-е годы — "Дьяволиада" (1923), "Роковые яйца" (1924) и "Собачье сердце" (1925), — это фантастические истории, предвестники романа "Мастер и Маргарита", в которых гений писателя, его незаурядная фантазия и блестящий стиль проявляются во всей своей силе и полноте. В книгу также вошла феерическая, остроумная и глумливая пьеса "Иван Васильевич", которая легла в основу сценария Леонида Гайдая к знаменитому фильму "Иван Васильевич меняет профессию". 
606 1 |a Русская литература современная  |9 50316 
610 1 |a художественная литература 
610 1 |a повести 
610 1 |a пьесы 
675 |a Р2  |v 4  |z rus 
700 1 |a Булгаков  |b М. А.  |c русский писатель  |f 1891-1940  |g Михаил Афанасьевич  |4 070  |9 436 
801 1 |a RU  |b 63413507  |c 20230810 
942 |c BK